Number One Test Cricket Nations - Statistics

General Stats
  • This quiz has been taken 47 times
    19 since last reset
  • The average score is 48 of 50
Answer Stats
Start End Team % Correct
January 1952 May 1955 Australia
100%
March 1958 July 1958 Australia
100%
January 1959 December 1963 Australia
100%
Feburary 1973 March 1973 Australia
100%
July 1974 January 1978 Australia
100%
Feburary 1991 April 1991 Australia
100%
August 1992 January 1993 Australia
100%
December 1995 July 1999 Australia
100%
January 2000 February 2000 Australia
100%
April 2000 July 2001 Australia
100%
September 2001 July 2009 Australia
100%
May 2014 July 2014 Australia
100%
Feburary 2016 August 2016 Australia
100%
May 2020 January 2021 Australia
100%
January 2021 May 2023 Australia
100%
January 2024 March 2024 Australia
100%
May 2024 Australia
100%
April 1973 June 1974 India
100%
September 1980 Feburary 1981 India
100%
September 1995 November 1995 India
100%
November 2009 August 2011 India
100%
January 2016 Feburary 2016 India
100%
August 2016 August 2016 India
100%
October 2016 April 2020 India
100%
March 2021 June 2021 India
100%
December 2021 January 2021 India
100%
May 2023 January 2024 India
100%
April 2024 April 2024 India
100%
August 1988 September 1988 Pakistan
100%
August 2016 October 2016 Pakistan
100%
June 1955 Feburary 1958 England
94%
August 1958 December 1958 England
94%
January 1970 January 1973 England
94%
Feburary 1979 August 1980 England
94%
August 2011 August 2012 England
94%
January 2021 March 2021 New Zealand
94%
June 2021 December 2021 New Zealand
94%
January 1969 December 1969 South Africa
94%
August 1999 December 1999 South Africa
94%
March 2000 March 2000 South Africa
94%
August 2001 August 2001 South Africa
94%
August 2009 November 2009 South Africa
94%
August 2012 May 2014 South Africa
94%
July 2014 January 2016 South Africa
94%
January 1964 December 1968 West Indies
83%
February 1978 January 1979 West Indies
83%
March 1981 July 1988 West Indies
83%
October 1988 January 1991 West Indies
83%
May 1991 July 1992 West Indies
83%
February 1993 August 1995 West Indies
83%
No matching quizzes found
Score Distribution
Percent of People with Each Score
Percentile by Number Answered
Your Score History
You have not taken this quiz since the last reset